000 00806nam0a22002651 4500
001 rc\4324108
005 20250611155312.0
021 _aRU
_b[61-80372]
035 _a(NLR Aleph) 008267625
090 _a8435999
_c8435999
100 _a20130416d1961 |||y0rusy50 ca
101 1 _arus
_clav
102 _aRU
105 _ay z |||a|
200 1 _aНоктюрн
_a[Огни маяка]
_eРассказы
_fПер. с латыш. С. Цебаковского
210 _aМосква
_cПравда
_d1961
215 _a48 с.
_d17
225 1 _aБиблиотека "Огонек"
_v№ 42
700 1 _aГрива
_bЖ.
_f1910-1982
_gЖан
702 1 _aЦебаковский
_bС.
_4730
801 0 _aRU
_bNLR
_gpsbo
801 1 _aRU
_bELAR
_2rusmarc
852 _aNLR
_j61-2/3246
942 _cBOOK
980 _aNB